Les anciens utilisateurs de Fruits du Démon dans One Piece - Statistiques

Statistiques générales
  • Ce quiz a été pris 66 fois
    12 depuis la dernière actualisation
  • Le résultat moyen est 8 sur 16
Statistiques - réponses
Anciens utilisateurs de Fruits du Démon % Correct
Barbe-Blanche
86%
Portgas D.Ace
86%
Captain John
71%
Kurozumi Higurashi
71%
Kurozumi Semimaru
71%
Absalom
57%
Caramel
57%
Ganzui
43%
Kozuki Toki
43%
Donquichotte Rossinante
29%
Gill Bastar
29%
Kurozumi Kanjuro
29%
Kurozumi Orochi
29%
Monet
29%
Smiley
14%
Vegapunk
14%
Aucun quiz correspondant
Distribution des résultats
% des personnes avec chaque résultat
Percentile par nombre de réponses
Votre historique - résultats
Vous n’avez pas pris ce quiz depuis la dernière actualisation